Complete the Title: 1950s TV Shows Quiz Stats

 Plays Quiz Updated Jul 17, 2018

Challenge
Share
Tweet
Embed
Score 0/50 Timer 05:00
2 Plays Today
% Correct
Dead
96.5%
Mouse
96.5%
Love
96.4%
Menace
96.3%
Price
96.2%
Woody
96.2%
World
95.8%
Knows
95.8%
Twilight
95.5%
Hitchcock
95.1%
Abbott
95%
World
94.6%
Tell
94.5%
Beaver
93.8%
Gordon
93.7%
Tune
93.7%
Adventures
93.6%
Real
93.2%
Felix
93.2%
Life
93.1%
American
92.4%
Clock
91.6%
$64,000
91.5%
Gleason
91.4%
Bill
91.3%
% Correct
Adventures
91%
Captain
90.2%
Andy
89.6%
Travel
89.4%
Train
88.4%
Lawrence
86.8%
Face
85.9%
Gracie
84.2%
Night
83.6%
77
83.4%
Secret
82.3%
Man
81.8%
Jack
81.8%
Flicka
81.5%
Loves
80.6%
Valley
79.6%
Patrol
79.5%
Electric
78.1%
Bands
76.8%
Little
76.7%
Hit
76.5%
Secret
73.8%
Hunt
66.1%
Father
61%
Eye
60.2%

You're not logged in!

Compare scores with friends on all Sporcle quizzes.
Join for Free
OR
Log In

You Might Also Like...

Show Comments

Extras

Top Quizzes Today


Score Distribution

Your Account Isn't Verified!

In order to create a playlist on Sporcle, you need to verify the email address you used during registration. Go to your Sporcle Settings to finish the process.

Report this User

Report this user for behavior that violates our Community Guidelines.

Details: